| 000 | 00433cam a2200169ua 4500 | ||
|---|---|---|---|
| 020 | _c8.80 | ||
| 041 |
_aeng _h |
||
| 082 |
_a515.35 _bGRE/IN |
||
| 100 | _aGreen, S L . | ||
| 245 |
_aIntroduction to differential equations / _cS.L.Green. _hTextual Documents |
||
| 260 |
_aNew York : _bUniversities Tutorials Press Ltd. , _c1945. |
||
| 300 | _a137 ; . | ||
| 365 | _a8.80 | ||
| 504 | _a | ||
| 942 | _cBK | ||
| 999 |
_c3038 _d3038 |
||